00685nam a2200229Ia 4500003000900000008004100009040001300050040001300063041000800076100003500084100000800119245006300127250001000190260002100200260000900221300000800230490000900238490000600247942000700253999001300260952018200273IT-RoPAU120407s9999 xx 000 0 und d aIT-RoPAU cIT-RoPAU aita aCeslas Spicq al secolo Bernard cop. aSpiritualità sacerdotale in S. Paolo. Lettere pastorali  aRoma  aEdizioni Paoline c1952 c cm aBib. v1 cBK c291d291 00102ddc406222_11400000000000071aPAULUSbPAULUSd2012-04-11l0o222.114r2012-04-11 00:00:00w2012-04-11yBKzInserito da: In data: n.d. fondo: Via A.Severo 56 Progr:33280